000 00270nam a2200097Ia 4500
008 230907s9999||||xx |||||||||||||| ||und||
082 _a620.00151
_bGAR
245 0 _aEngineering Mathematics Vol I /
260 _aDorling Kindesley, | Pearson Education,
_c2015
942 _cBK
999 _c599036
_d599036